00729nam a2200181 a 4500008004100000020001500041050001900056100001900075245008800094260004100182350000900223650001300232650003300245650002400278995009300302999001700395952013500412120416s1992 ||||||||||||||||| || u a0750610840 aTK 4399.F2 Lyo aLyons, Stanley10aLighting for industry and security: a handbook for providers and users of lighting  aOxford:bButterworth-Heinemannc1992 a0.00 aLIGHTING aFACTORIES--SECURITY MEASURES aFACTORIES--LIGHTING D0.00FCBU-MAIN LIBRARY (Kitwe)H1I24.00UAVAILABLEZMain Library Open Access Collection c49278d49278 00102lcc4070a001b001cMain Library Open Access Collectiond2022-11-30l0oTK 4399.F2 Lyop027977r2022-11-30w2022-11-30y002